000 01313cam a22002891i 4500
003 SA-RiAUC
005 20250908120044.0
008 250907s2003 sy g 000 0 ara c
040 _aSA-RiIMS
_bara
_cSA-RiAUC
_erda
082 0 4 _a411.5
090 _a411.5
_bح ر ا
100 1 _aالحراني، أحمد بن حماد بن أبي القاسم،
_dتوفي بعد 618 هجري
_eمؤلف.
245 1 2 _aالمصباح في الفرق بين الضاد والظاء في القرآن العزيز :
_bنظما ونثرا /
_cتأليف أبي العباس أحمد بن أبي القاسم الحراني ؛ تحقيق حاتم صالح الضامن.
250 _aالطبعة الأولى.
264 1 _aدمشق :
_bدار البشائر للطباعة والنشر والتوزيع،
_c2003
300 _a40 صفحة ؛
_c24 سم.
336 _aنص
_btxt
_2rdacontent
_3كتاب
337 _aبدون وسيط
_bn
_2rdamedia
338 _aمجلد
_bnc
_2rdacarrier
490 0 _aسلسلة كتب الضاد والظاء ؛
_v4
630 2 7 _aالقرآن
_xتجويد
_2aucut
630 2 7 _aالقرآن
_xقراءات
_2aucut
700 1 _aالضامن، حاتم صالح،
_d1938-2013
_eمحقق.
730 2 2 _aالقرآن
942 _2ddc
_cBOOK
_n0
949 _aSA-JeALM
_d250907
_umohamedma123
_n1
999 _c11499
_d11499